International Business: The Challenges of Globalization, Global Edition/

<p>International Business: The Challenges of Globalization is a brief, yet comprehensive introduction to the difficulties of global entrepreneurship. It examines the cultural barriers that can arise in international business (IB), as well as the theory and terminology essential to conducting success...

Full description

Saved in:
Bibliographic Details
Main Authors: Wild, John J. (Author), Wild, Kenneth L. (Author)
Format: Electronic Book
Published: Harlow : Pearson International Content, 2023.
Edition:Tenth edition
Subjects:
Online Access:https://resolver.vitalsource.com/9781292450193
Tags: Add Tag
No Tags, Be the first to tag this record!

MARC

LEADER 00000nam#a2200000 4500
001 9781292450193
003 VST
005 20260317120217.0
006 m o d
007 cr#un#---uucau
008 230128s2023 xxk o 00 0 eng d
020 |a  9781292450193   |q  (ebook)  
020 |z  9781292450292   |q  (ebook)  
020 |z  9781292450315   |q  (paperback)  
020 |z  9781292450285   |q  (ebook)  
040 |a VST  |b eng  |c VST  |d VST 
072 |a BUS041000  |2 bisacsh 
072 |a KJK  |2 bicssc 
100 1 |a Wild, John J.  |e author 
245 1 0 |a International Business: The Challenges of Globalization, Global Edition/  |c  John J. Wild, Kenneth L. Wild. 
250 |a Tenth edition 
264 1 |a Harlow :  |b Pearson International Content,  |c 2023. 
300 |a 1 online resource 
336 |a text  |b txt  |2 rdacontent 
337 |a computer  |b c  |2 rdamedia 
338 |a online resource  |b cr  |2 rdacarrier 
520 |a <p>International Business: The Challenges of Globalization is a brief, yet comprehensive introduction to the difficulties of global entrepreneurship. It examines the cultural barriers that can arise in international business (IB), as well as the theory and terminology essential to conducting successful business abroad. With coverage of major IB topics, engaging features, and real-world examples, the authors present a fresh take on the subject that is both interesting and invaluable.</p> <p>The <strong>10th Edition </strong>has been thoroughly updated with ongoing changes in the international business world to ensure that it remains up-to-date and relevant to those pursuing a career as a global entrepreneur.</p> <p>&nbsp;</p> 
650 4 |a Business & Economics/Management 
700 1 |a Wild, Kenneth L.  |e author 
776 0 8 |i Paperback version:  |t International Business: The Challenges of Globalization, Global Edition  |z 9781292450315 
856 4 0 |u https://resolver.vitalsource.com/9781292450193 
999 |c 249571  |d 249570